000 00829nam a2200301Ia 4500
003 OSt
005 20220912150618.0
006 a|||||r|||| 00| 0
007 ta
008 220909b |||||||| |||| 00| 0 eng d
020 _a0867209194 (pbk)
024 _a9085
037 _bModern,
037 _cTextbook
040 _aCSL
_beng
_cCSL
041 _aeng
082 _aG:6, N6 TK
100 _aDavis Rowland H
245 0 _aGift of genetics: guide to learning and review
260 _aBoston
_bJones and Bartlett Publishers
_c1996
300 _axiv, 250p
500 _aGlossary 229-244p; Index 245-250p
650 _a Genetics
650 _aBiology
700 _a Weller Stephen G
942 _hG:6, N6 TK
_cTB
_2CC
999 _c50887
_d50887